00904nam a22002177a 450000100060000000300090000600500170001500700060003200800380003802000060007604000220008224500440010425000120014826000330016030000280019350000560022150503190027765000330059665000290062971000280065800139DO-SdBNP20160617151902.000139160404b 2001 g ||||| |||| 00| 0 spa d  a   aBPMSUbspacBPMSU  aVademécum farmacéutico Edifarm 2001  a6ta. ed  aGuatemala :bEdifarm:c1998.  a572 p. : bil.,c30 cm.  aCentroamérica, Panamá y República Dominicana   tDirectorio de laborios --tÍndice de principios activos --tClasificación farcológica por aparatos y sistemas - tSección identificación de productos -- tDiccionario de productos --tÍndice general de productos --8Novedades científicas y recordatorio práctico -- tInteracciones medicamentosas --  aFARMACOLOGÍA   vMANUALES   aMEDICAMENTOS vMANUALES   a Edifarm Internacional 